Statistics for Provinces Of North Korea On A Map

Click here to take the quiz!

General Stats

  • This quiz has been taken 218 times
  • The average score is 3 of 11

Answers on the Map

Answers color-coded by a green-red scale on the quiz's map according to % correct below.
Loading ...
 

Answer Stats

Province% Correct
Pyongyang
100%
North Pyongan
31%
Rason
31%
South Pyongan
31%
Kangwon
26%
North Hwanghae
23%
South Hwanghae
23%
North Hamgyong
21%
Ryanggang
21%
South Hamgyong
21%
Chagang
15%

Score Distribution

Percentile by Number Answered

Percent of People with Each Score

Your Score History

You have not taken this quiz